000 00411nam a2200145Ia 4500
008 211109s9999||||xx |||||||||||||| ||und||
082 _a808.831
_bJOS-K
100 _aJose Panachipuram,
245 0 _aKadayil Ellatha Oral
260 _bD c Books
_aKottayam
_c1989
300 _a80p
630 _xGENERAL STACK
650 _aRhetoric & collections of literature
_vLiterature & rhetoricMalayalam
942 _cBOOK
999 _c45009
_d45009